000
00335nam a22001577a 4500
003
SGT
020
_a
978-933917-2-3
082
_a
657
_b
MON
100
_a
MONGA, J.R.
245
_a
FINANCIAL ACCOUNTING
250
_a
39TH
260
_a
INDIA
_b
SCHOLAR PUB.
_c
2023
300
_a
16.40
650
_a
ACCOUNT
942
_2
ddc
_c
BK
_0
13
999
_c
25734
_d
25734